000 00459pam a2200169a 44500
008 230405s2020 xxu||||| |||| 00| 0 eng d
041 _aENG
100 _aDENTON TOM
245 _aELECTIRC AND HYBRID VECHICLES
250 _a1ST 2016 . . Ed.
260 _aNEW YARK
_bBRITISH LIBRARY CATALOGUING IN PUB DATA 711, 3RD AVENUE N YARK 10017
_c2020
300 _a1-197p.
440 _a3026.00
650 _aELECTRIC TRACTION
690 _aME
906 _a1934
999 _c780203
_d780203